Gestión de organizaciones. Sector Público (Registro nro. 4521)

Detalles MARC
000 -LEADER
fixed length control field 01095 a2200289 4500
001 - CONTROL NUMBER
control field 48014
005 - DATE AND TIME OF LATEST TRANSACTION
control field 20260407155746.0
008 - FIXED-LENGTH DATA ELEMENTS--GENERAL INFORMATION
fixed length control field 260407a2018 arg spa d
003 - CONTROL NUMBER IDENTIFIER
control field AR-UNSa-BCEJYS
040 ## - CATALOGING SOURCE
Original cataloging agency AR-UNSa-BCEJYS
Language of cataloging spa
Transcribing agency AR-UNSa-BCEJYS
080 ## - UNIVERSAL DECIMAL CLASSIFICATION NUMBER
Universal Decimal Classification number 658.012.32
Common auxiliary subdivision Formas de organización, de gestión
020 ## - INTERNATIONAL STANDARD BOOK NUMBER
International Standard Book Number 978-987-716-042-0
041 ## - LANGUAGE CODE
Language code of text/sound track or separate title spa
100 1# - MAIN ENTRY--PERSONAL NAME
Personal name Yardin, Amaro Ramón
245 10 - TITLE STATEMENT
Title Gestión de organizaciones. Sector Público
264 #1 - PRODUCTION, PUBLICATION, DISTRIBUTION, MANUFACTURE, AND COPYRIGHT NOTICE
Place of production, publication, distribution, manufacture Buenos Aires :
Name of producer, publisher, distributor, manufacturer Osmar D. Buyatti
Date of production, publication, distribution, manufacture, or copyright notice 2018
300 ## - PHYSICAL DESCRIPTION
Extent 228 p.
Dimensions 22 cm.
505 ## - FORMATTED CONTENTS NOTE
Formatted contents note 1. Gestión de las haciendas públicas - 2. Gestión de hospitales públicos - 3. Gestión de entes municipales - 4. Gestión de las organizaciones de la sociedad civil -
590 ## - LOCAL NOTE (RLIN)
Local note niveau_biblio:m niveau_hierar:0
700 1# - ADDED ENTRY--PERSONAL NAME
Personal name Rodríguez, Roberto Mario
700 1# - ADDED ENTRY--PERSONAL NAME
Personal name Canale, Sandra del Carmen
700 1# - ADDED ENTRY--PERSONAL NAME
Personal name Baldini, Roberto Mauro
700 1# - ADDED ENTRY--PERSONAL NAME
Personal name Casari, Marisa Adriana
700 1# - ADDED ENTRY--PERSONAL NAME
Personal name Elstein, Daniela
856 41 - ELECTRONIC LOCATION AND ACCESS
Uniform Resource Identifier <a href="https://www.biblioeco.unsa.edu.ar/pmb/images/libros/L127725.jpg">https://www.biblioeco.unsa.edu.ar/pmb/images/libros/L127725.jpg</a>
Link text Imagen de portada
Electronic format type image/jpeg
942 ## - ADDED ENTRY ELEMENTS (KOHA)
Koha item type
Existencias
Withdrawn status Lost status Damaged status Not for loan Home library Current library Shelving location Date acquired Total checkouts Full call number Barcode Date last seen Price effective from Koha item type Public note
        Biblioteca Prof. Eusebio Cleto del Rey Biblioteca Prof. Eusebio Cleto del Rey   07/04/2026   658.012.32 Y27p L127725 07/04/2026 07/04/2026 Libro  
        Biblioteca Prof. Eusebio Cleto del Rey Biblioteca Prof. Eusebio Cleto del Rey   07/04/2026   658.012.32 Y27p L127726 07/04/2026 07/04/2026 Libro MANCHADO EN PÁG 11
        Biblioteca Prof. Eusebio Cleto del Rey Biblioteca Prof. Eusebio Cleto del Rey   07/04/2026   658.012.32 Y27p L127727 07/04/2026 07/04/2026 Libro CANTO INFERIOR CON MANCHA